00579 a2200181 450000100060000002000150000604000240002110000290004524000290007424500240010330000070012736200090013465000240014394200070016795201030017495201030027799900170038068617 a8574121045 cAnchieta - Itaigara aAlbuquerque, Luiz Carlos10aA guerra dos bichoslpor10aA guerra dos bichos a310 a2003 4aLiteratura infantil cBK 00104070a88.1b88.1d2023-11-21l0oLI 028.5 GUEp163/ITAr2023-11-21 20:02:51w2023-11-21yBK 00104070a88.1b88.1d2023-11-21l0oLI 028.5 GUEp164/ITAr2023-11-21 20:02:51w2023-11-21yBK c68617d68617